书目信息 |
| 题名: |
斐多 : 柏拉图对话录之一
|
|
| 作者: | 柏拉图著杨绛 译注 | |
| 分册: | ||
| 出版信息: | 北京 生活·读书·新知三联书店 2015.04 |
|
| 页数: | 122页 | |
| 开本: | 20cm | |
| 丛书名: | ||
| 单 册: | ||
| 中图分类: | B502.231 | |
| 科图分类: | ||
| 主题词: | 哲学--欧洲 | |
| 电子资源: | ||
| ISBN: | 978-7-108-05169-1 | |
| 000 | 00643nam0 2200193 45 | |
| 001 | 2157753259 | |
| 005 | 20210329160523.38 | |
| 010 | @a978-7-108-05169-1@dRMB 32.00 | |
| 100 | @a20210329d2015 km y0chiy0120 ea | |
| 101 | 0 | @achi |
| 102 | @aCN@b110000 | |
| 200 | 1 | @a斐多 : 柏拉图对话录之一@Afei duo:bai la tu dui hua lu zhi yi@f(古希腊)柏拉图著杨绛译注@F(gu xi la)bai la tu zhu yang jiang yi zhu |
| 210 | @a北京@c生活·读书·新知三联书店@d2015.04 | |
| 215 | @a122页@d20cm | |
| 606 | 0 | @a哲学@x欧洲 |
| 690 | @aB502.231@v4 | |
| 701 | 0 | @a柏拉图著杨绛@Abai la tu zhu yang jiang@4译注 |
| 801 | 0 | @aCN@bPFT@c20210329 |
| 905 | @a10447@dB502.231@eB1651 | |
| 斐多 : 柏拉图对话录之一/(古希腊)柏拉图著杨绛译注.-北京:生活·读书·新知三联书店,2015.04 |
| 122页;20cm |
| ISBN 978-7-108-05169-1:RMB 32.00 |
| ● |
| 相关链接 |
|
|
|
正题名:斐多 : 柏拉图对话录之一
索取号:B502.231/B1651
 
预约/预借
| 序号 | 登录号 | 条形码 | 馆藏地/架位号 | 状态 | 备注 |
| 1 | 1498593 | 214985934 | 生命科学与工程学院资料室/ [索取号:B502.231/B1651] | 在馆 |